Statistics for EuroLeague Basketball Winners

Click here to take the quiz!

General Stats

  • This quiz has been taken 85 times
    (54 since last reset)
  • The average score is 14 of 17

Answer Stats

Year Winner Finals MVP % Correct
2018Real MadridLuka Doncic
100%
2016CSKA MoscowNando De Colo
93%
2017Fenerbahçe ÜlkerEkpe Udoh
93%
2013OlympiacosVassilis Spanoulis
89%
2012OlympiacosVassilis Spanoulis
87%
2010FC BarcelonaJuan Carlos Navarro
85%
2014Maccabi Tel-AvivTyrese Rice
85%
2015Real MadridAndrés Nocioni
85%
2011PanathinaikosDimitris Diamantidis
83%
2007PanathinaikosDimitris Diamantidis
83%
2009PanathinaikosVassilis Spanoulis
80%
2006CSKA MoscowTheo Papaloukas
72%
2008CSKA MoscowTrajan Langdon
67%
2004Maccabi Tel-AvivAnthony Parker
67%
2005Maccabi Tel-AvivSarunas Jasikevicius
65%
2003FC BarcelonaDejan Bodiroga
65%
2002PanathinaikosDejan Bodiroga
61%

Score Distribution

Percentile by Number Answered

Percent of People with Each Score

Your Score History

You have not taken this quiz since the last reset